Literatura y visión tanalógica. Claribel Alegría y el diálogo con los muertos /

Claribe Alegría con la obra "Sobrevivo", recibe el prestigioso premio literario cubano "Casa de las Américas" y de este modo adquiere fama internacional. Nace en 1925 en Estelí, Nicaragua, de padre nicaragüense, políticamente activo con el revolucionario Sandino, y de madre salva...

Ausführliche Beschreibung

Gespeichert in:
Bibliographische Detailangaben
1. Verfasser: Spadola Carmelo, Andrea
Format: Buch
Sprache:Spanish
Schlagworte:
Tags: Tag hinzufügen
Keine Tags, Fügen Sie den ersten Tag hinzu!

MARC

LEADER 00000nam a22000007a 4500
008 150128s2014 I fr|p| n||| 00| b0spa d
022 |a 20135-1496 
040 |a CRU CIICLA 
082 |a Centroamericana 
090 |a Centroamericana 
100 1 |a Spadola Carmelo, Andrea 
245 1 0 |a Literatura y visión tanalógica. Claribel Alegría y el diálogo con los muertos /  |c Carmelo Andrea Spadola 
300 |a 91-102 páginas 
520 |a Claribe Alegría con la obra "Sobrevivo", recibe el prestigioso premio literario cubano "Casa de las Américas" y de este modo adquiere fama internacional. Nace en 1925 en Estelí, Nicaragua, de padre nicaragüense, políticamente activo con el revolucionario Sandino, y de madre salvadoreña. En 1937, con la toma del poder del dictador Anastasio Somoza, su familia es obligada a mudarse a El Salvador. A partir de este momento la autora comienza a vivir una forma especial de exilio de su tierra natal, manteniendo una constante identificación con las dos patrias, que se verá reflejado en su obra. Actualmente la poesía de Claribel Alegría ha sido analizada dede la perspectiva literaria del compromiso social y de la cuestion de género. En este aporte se propone un acercamiento a su obra poética mediante un análisis de la temática tanatalógica. 
600 1 4 |a ALEGRIA, CLARIBEL, 1924. SOBREVINO 
650 1 4 |a LITERATURA SALVADOREÑA  |v POESIA  |x CRITICA E INTERPRETACION 
653 1 7 |a LITERATURA Y FILOSOFIA 
653 1 7 |a ESTUDIOS TANALOGICOS 
773 0 |g Número 24.1 (2014), páginas 91-102  |t Centroamericana  |x 2035-1496 
942 |2 ddc  |c ARC 
999 |c 3792  |d 3792